| 000 | 00985nam a2200241 i 4500 | ||
|---|---|---|---|
| 001 | 53707 | ||
| 003 | ES-MaACL | ||
| 005 | 20250927164021.0 | ||
| 007 | t| | ||
| 008 | 931025s1885 sp ||||1| spa d | ||
| 080 | _a929 Osuna, Pedro Téllez Girón, Duque de | ||
| 080 | _a355.49(460)"1598/1621" | ||
| 100 | 1 |
_aFernández Duro, Cesáreo, _d1830-1908 _949752 |
|
| 245 | 1 | 3 |
_aEl gran duque de Osuna y su Marina : _bjornadas contra turcos y venecianos, 1602-1624 / _cpor el capitán de navío Cesáreo Fernández Duro. |
| 260 |
_aMadrid : _b[s.n.], _c1885 ( _fEstab. Tip. Sucesores de Rivadeneyra) |
||
| 300 |
_a458 p. ; _c22 cm. |
||
| 530 | _aDisponible en formato digital. | ||
| 600 | 1 | 7 |
_aOsuna, Pedro Téllez Girón, _cDuque de, _d1574-1624 _2 _9158586 |
| 651 | 4 |
_aEspaña- _xHistoria naval- _y1516-1700. _9158587 |
|
| 852 | 4 |
_aES-MaACL _jC-365 |
|
| 856 | 4 |
_uhttp://bdh-rd.bne.es/viewer.vm?id=0000109099&page=1 _zBiblioteca Digital Hispánica |
|
| 999 |
_c53707 _d53707 |
||